000 00563nam a22001937a 4500
003 OSt
005 20140507155308.0
008 140507b xxu||||| |||| 00| 0 eng d
020 _a9789719216001
050 _aG 155.5
_b.C541 2008
100 _aClaravall, Bienvenido G.
245 _aTravel and operations in the Philippines /
_cBienvenido G. Claravall.
250 _a2nd ed.
260 _aPhilippines :
_bAboitiz Transport System Corporation,
_cc2008.
300 _a408 p. :
_c23 cm.
650 _aTourism
942 _2lcc
_cBK
_kFIL
999 _c115846
_d115846